Micropropagación : La cosecha del mañana /
El problema de la producción alimentaria en América latina. Programas de micropropagación vegetal. Experiencias en cultivos de tubérculos. Control de los virus vegetales.
Guardado en:
| Autor Corporativo: | |
|---|---|
| Formato: | |
| Materias: | |
| Etiquetas: |
Agregar Etiqueta
Sin Etiquetas, Sea el primero en etiquetar este registro!
|
| LEADER | 01016ngm a22002895g 4500 | ||
|---|---|---|---|
| 001 | CEM.cems022114 | ||
| 008 | 130507b1995##################0###0#####d | ||
| 005 | 20241004155349.0 | ||
| 245 | 1 | 0 | |a Micropropagación : |b La cosecha del mañana / |c FAO. |
| 300 | |a 13'. | ||
| 500 | |a En soporte VHS, consultar en ventanilla. | ||
| 520 | |a El problema de la producción alimentaria en América latina. Programas de micropropagación vegetal. Experiencias en cultivos de tubérculos. Control de los virus vegetales. | ||
| 538 | |a Soporte: VHS - Norma: Pal N - Color - Grabación DRD 1995 - Hitachi=2370. | ||
| 110 | 2 | |a FAO. | |
| 082 | 6 | 3 | |/ FRU |
| 653 | |a BOTANICA | ||
| 653 | |a AGRICULTURA | ||
| 653 | |a MICROPROPAGACION VEGETAL | ||
| 653 | |a CULTIVOS | ||
| 653 | |a RAICES | ||
| 653 | |a TUBERCULOS | ||
| 653 | |a PAPA | ||
| 653 | |a BIOINGENIERIA AGRICOLA | ||
| 653 | |a VIRUS VEGETAL | ||
| 653 | |a NIVEL PRIMARIO | ||
| 653 | |a NIVEL SECUNDARIO | ||
| 859 | |a CEMS |b BIB. CEMS - Depto. Recursos Didacticos |h 634 |i FRU |k DRD |p 757.12 |t Ej.1 | ||
